| 000 | 00801cam a2200217 a 4500 | ||
|---|---|---|---|
| 020 | _a0471310433 (acidfree) | ||
| 082 | 0 | 0 |
_a620.11233 _bKHA _cL-39, P-175 |
| 100 | 1 |
_aKhan, Akhtar S. _940814 |
|
| 245 | 1 | 0 |
_aContinuum theory of plasticity / _cAkhtar S. Khan, Sujian Huang. |
| 260 |
_aNew York : _bWiley, _cc1995. |
||
| 300 |
_ax, 421 p. : _bill. ; _c25 cm. |
||
| 500 | _a"A Wiley-Interscience publication." | ||
| 526 |
_a0 _b0 _c0 _d620_112330000000000_KHA |
||
| 650 | 0 |
_aContinuum mechanics. _920066 |
|
| 650 | 0 |
_aPlasticity. _919040 |
|
| 700 | 1 |
_aHuang, Sujian. _940815 |
|
| 856 | 4 | _uhttp://www.loc.gov/catdir/toc/onix01/94013851.html | |
| 856 | 4 | 2 | _uhttp://www.loc.gov/catdir/bios/wiley041/94013851.html |
| 856 | 4 | 2 | _uhttp://www.loc.gov/catdir/description/wiley031/94013851.html |
| 942 |
_2ddc _cBK |
||
| 999 |
_c545061 _d545061 |
||